LIBRARY & INFORMATION CENTRE, KCAET, TAVANUR

ONLINE PUBLIC ACCESS CATALOGUE (OPAC)

Prestressed Concrete / (Record no. 2901)

MARC details
000 -LEADER
fixed length control field 00405cam a2200157ua 4500
003 - CONTROL NUMBER IDENTIFIER
control field OSt
008 - FIXED-LENGTH DATA ELEMENTS--GENERAL INFORMATION
fixed length control field 250802b |||||||| |||| 00| 0 eng d
020 ## - INTERNATIONAL STANDARD BOOK NUMBER
ISBN 9781259003363
082 ## - DEWEY DECIMAL CLASSIFICATION NUMBER
Classification number 624.183412
Item number KRI/PR
100 ## - MAIN ENTRY--AUTHOR NAME
Personal name Krishna Raju, N .
245 ## - TITLE STATEMENT
Title Prestressed Concrete /
250 ## - EDITION STATEMENT
Edition statement 1 / 5
260 ## - PUBLICATION, DISTRIBUTION, ETC. (IMPRINT)
Place of publication New Delhi :
Name of publisher Mc-Graw Hill Education(india) Private Limited
Year of publication 2014
300 ## - PHYSICAL DESCRIPTION
Number of Pages 812
942 ## - ADDED ENTRY ELEMENTS (KOHA)
Koha item type Books
Holdings
Withdrawn status Lost status Damaged status Home library Current library Date acquired Full call number Accession Number Koha item type Collection code Shelving location Source of acquisition Cost, normal purchase price
      KAUAET KAUAET 07/04/2012 624.183412 KRI/PR 14582 Books        
      KAUAET KAUAET 29/04/1986 624.183412 KRI/PR 15242 Books        
      KAUAET KAUAET 07/04/2012 624.183412 KRI/PR 14581 Books        
      KAUAET KAUAET 07/04/2012 624.183412 KRI/PR 14568 Books        
      KAUAET KAUAET 07/04/2012 624.183412 KRI/PR 14567 Books        
      KAUAET KAUAET 07/07/2016 624.183412 KRI/PR 25003 Books   General Stacks Aman Book Stall, Calicut 595.00
      KAUAET KAUAET 07/07/2016 624.183412 KRI/PR 25004 Books   General Stacks Aman Book Stall, Calicut 595.00
free website counter